Sports Quiz

Random Sports or Soccer Quiz

International Football XIs: Germany Quiz Stats

 Plays Quiz Updated Feb 28, 2018

Challenge
Share
Tweet
Embed
Score 0/253 Timer 20:00
0 Plays Today
% Correct
Manuel Neuer
96.6%
Manuel Neuer
96.4%
Manuel Neuer
96.4%
Manuel Neuer
96.4%
Manuel Neuer
96.4%
Manuel Neuer
96.3%
Manuel Neuer
96.1%
Philipp Lahm
94.4%
Philipp Lahm
94.4%
Philipp Lahm
94.4%
Philipp Lahm
94.4%
Philipp Lahm
94.4%
Philipp Lahm
94.4%
Philipp Lahm
94.4%
Philipp Lahm
94.4%
Philipp Lahm
94.2%
Thomas Müller
93.8%
Philipp Lahm
93.8%
Thomas Müller
93.5%
Thomas Müller
93.3%
Thomas Müller
93.2%
Thomas Müller
93.1%
Thomas Müller
93.1%
Thomas Müller
93.1%
Oliver Kahn
92.2%
Oliver Kahn
92.2%
Oliver Kahn
92.2%
Oliver Kahn
92.2%
Oliver Kahn
92.2%
Oliver Kahn
92.2%
Miroslav Klose
92.1%
Miroslav Klose
92.1%
Miroslav Klose
92.1%
Miroslav Klose
92.1%
Miroslav Klose
92.1%
Miroslav Klose
92.1%
Miroslav Klose
92.1%
Jérôme Boateng
91.9%
Jérôme Boateng
90.6%
Jérôme Boateng
90.4%
Jérôme Boateng
90.1%
Mesut Özil
90%
Mats Hummels
89.7%
Jérôme Boateng
89.6%
Jérôme Boateng
89.6%
Mesut Özil
89.3%
Mesut Özil
89.3%
Mesut Özil
89.3%
Bastian Schweinsteiger
89.3%
Bastian Schweinsteiger
89.3%
Bastian Schweinsteiger
89.3%
Bastian Schweinsteiger
89.3%
Bastian Schweinsteiger
89.3%
Bastian Schweinsteiger
89.3%
Bastian Schweinsteiger
89.3%
Mesut Özil
89.1%
Mesut Özil
88.8%
Mats Hummels
88.8%
Mesut Özil
88.6%
Bastian Schweinsteiger
87.5%
Mats Hummels
86.3%
Mats Hummels
86.2%
Mats Hummels
84.8%
Mats Hummels
84.8%
Mario Götze
84.4%
Mario Gómez
84.2%
Mario Gómez
84.2%
Mario Götze
84.1%
Mario Götze
83.8%
Lukas Podolski
83.5%
Lukas Podolski
83.5%
Lukas Podolski
83.5%
Lukas Podolski
83.5%
Lukas Podolski
83.5%
Lukas Podolski
83.5%
Toni Kroos
83%
Sami Khedira
82%
Michael Ballack
81.9%
Michael Ballack
81.9%
Michael Ballack
81.9%
Michael Ballack
81.9%
Michael Ballack
81.9%
Michael Ballack
81.9%
Michael Ballack
81.9%
Michael Ballack
81.9%
% Correct
Michael Ballack
81.9%
Sami Khedira
80.8%
Sami Khedira
80.8%
Sami Khedira
80.8%
Sami Khedira
80.4%
Jens Lehmann
80.2%
Jens Lehmann
80.2%
Jens Lehmann
80.2%
Jens Lehmann
80.2%
Sami Khedira
80.1%
Toni Kroos
79.8%
Toni Kroos
79.7%
Toni Kroos
79.2%
Per Mertesacker
78.6%
Per Mertesacker
78.6%
Per Mertesacker
78.6%
Per Mertesacker
78.6%
Per Mertesacker
78.6%
Per Mertesacker
78.6%
Per Mertesacker
78.6%
Toni Kroos
78.3%
Per Mertesacker
77.8%
Marc-André ter Stegen
77.1%
Per Mertesacker
76.4%
Marco Reus
74.7%
Marco Reus
74.2%
Jürgen Klinsmann
72.1%
Jürgen Klinsmann
72.1%
Jürgen Klinsmann
72.1%
Joshua Kimmich
70.9%
Timo Werner
65.8%
Joshua Kimmich
64.3%
Lothar Matthäus
63.3%
Lothar Matthäus
63.3%
Oliver Bierhoff
63.2%
Oliver Bierhoff
63.2%
Oliver Bierhoff
63.2%
Oliver Bierhoff
63.2%
Julian Draxler
61.7%
Benedikt Höwedes
60.4%
Torsten Frings
59.8%
Torsten Frings
59.8%
Torsten Frings
59.8%
Torsten Frings
59.8%
Torsten Frings
59.8%
Julian Draxler
59.5%
Jonas Hector
58.9%
Benedikt Höwedes
58.5%
Jonas Hector
56.7%
André Schürrle
55.5%
Christoph Metzelder
53.7%
Christoph Metzelder
53.7%
Christoph Metzelder
53.7%
Christoph Metzelder
53.7%
Holger Badstuber
53.7%
Holger Badstuber
53.7%
Oliver Neuville
52.4%
Oliver Neuville
52.4%
Jonas Hector
51.3%
Matthias Sammer
51%
Matthias Sammer
51%
Carsten Jancker
49.3%
Carsten Jancker
49.3%
Andreas Köpke
48.4%
Andreas Köpke
48.4%
Andreas Köpke
48.4%
Andreas Köpke
48.4%
Dietmar Hamann
48.4%
Dietmar Hamann
48.4%
Dietmar Hamann
48.4%
Dietmar Hamann
48.4%
Dietmar Hamann
48.4%
Andreas Möller
47.9%
Andreas Möller
47.9%
Andreas Möller
47.9%
Andreas Möller
47.9%
Mehmet Scholl
47.7%
Mehmet Scholl
47.7%
Bernd Schneider
47.4%
Bernd Schneider
47.4%
Bernd Schneider
47.4%
Bernd Schneider
47.4%
Bernd Schneider
47.4%
Antonio Rüdiger
47.3%
Arne Friedrich
45.8%
% Correct
Arne Friedrich
45.8%
Arne Friedrich
45.8%
Arne Friedrich
45.8%
Arne Friedrich
45.8%
İlkay Gündoğan
45.4%
Christian Ziege
45.3%
Christian Ziege
45.3%
Christian Ziege
45.3%
Christian Ziege
45.3%
Jens Jeremies
44.2%
Jens Jeremies
44.2%
Jens Jeremies
44.2%
Jens Jeremies
44.2%
Marcel Schmelzer
44.1%
René Adler
43.9%
Leon Goretzka
43.2%
Kevin Kurányi
42.7%
Kevin Kurányi
42.7%
Jürgen Kohler
41.6%
Jürgen Kohler
41.6%
Jürgen Kohler
41.6%
Markus Babbel
40.7%
Markus Babbel
40.7%
Markus Babbel
40.7%
Markus Babbel
40.7%
Thomas Linke
39.6%
Thomas Linke
39.6%
Thomas Linke
39.6%
Thomas Linke
39.6%
Thomas Häßler
37.7%
Thomas Häßler
37.7%
Thomas Häßler
37.7%
Thomas Häßler
37.7%
Christian Wörns
36.2%
Christian Wörns
36.2%
Christian Wörns
36.2%
Christian Wörns
36.2%
Christian Wörns
36.2%
Mario Basler
36.2%
Sebastian Deisler
35.5%
Sebastian Deisler
35.5%
Carsten Ramelow
35.4%
Carsten Ramelow
35.4%
Carsten Ramelow
35.4%
Sebastian Rudy
35.2%
Jens Nowotny
34.2%
Jens Nowotny
34.2%
Jens Nowotny
34.2%
Thomas Hitzlsperger
34%
Thomas Hitzlsperger
34%
Thomas Hitzlsperger
34%
Thomas Hitzlsperger
34%
Stefan Reuter
32.4%
Stefan Reuter
32.4%
Marcell Jansen
32%
Thomas Helmer
31.2%
Thomas Helmer
31.2%
Thomas Helmer
31.2%
Matthias Ginter
30.4%
Ulf Kirsten
29.9%
Jörg Heinrich
28.1%
Jörg Heinrich
28.1%
Jörg Heinrich
28.1%
Robert Huth
27.6%
Lars Stindl
27.3%
Piotr Trochowski
25.9%
Piotr Trochowski
25.9%
Fredi Bobič
25.8%
Marco Bode
25.8%
Steffen Freund
25%
Heiko Westermann
24.6%
Heiko Westermann
24.6%
Clemens Fritz
24.4%
Clemens Fritz
24.4%
Dieter Eilts
23%
Dieter Eilts
23%
Olaf Thon
22.3%
Frank Baumann
20.8%
Marko Rehmer
20.3%
Marko Rehmer
20.3%
Dariusz Wosz
14.6%
Tobias Rau
13.8%
Marcel Schäfer
12.6%

You're not logged in!

Compare scores with friends on all Sporcle quizzes.
OR
Log In

You Might Also Like...

Show Comments

Extras

Top Quizzes Today


Score Distribution

Your Account Isn't Verified!

In order to create a playlist on Sporcle, you need to verify the email address you used during registration. Go to your Sporcle Settings to finish the process.

Report this User

Report this user for behavior that violates our Community Guidelines.

Details: